000 00292nam a22001337a 4500
008 171020b xxu||||| |||| 00| 0 eng d
020 _a9780547014562
041 _aeng
080 _a338
100 _a54
101 _aMNG
245 _aLAUNCHING NEW VENTURES
_cALLEN, K.R
942 _2udc
_cBK
999 _c35164
_d35164